Избранные сочинения (Запись № 919480)

Подробности
000 -МАРКЕР
контрольное поле 01665nam0a2200385 4500
001 - ИДЕНТИФИКАТОР ЗАПИСИ
контрольное поле RU\NLR\bibl\163009
005 - ИДЕНТИФИКАТОР ВЕРСИИ
контрольное поле 20260406155403.0
010 ## - МЕЖДУНАРОДНЫЙ СТАНДАРТНЫЙ НОМЕР КНИГИ (ISBN)
Номер (ISBN) 5-7406-0261-0
Уточнения В пер.
Тираж 5000
021 ## - НОМЕР ГОСУДАРСТВЕННОЙ РЕГИСТРАЦИИ
Код страны российская федерация
Номер 2001-12277
Номер Листа государственной регистраци 575
035 ## - ДРУГИЕ СИСТЕМНЫЕ НОМЕРА
Идентификатор записи (NLR Aleph) 000159892
100 ## - ДАННЫЕ ОБЩЕЙ ОБРАБОТКИ
Данные общей обработки 20010601d2000 |||y0rusy50 ca
101 1# - ЯЗЫК РЕСУРСА
Язык текста, звукозаписи и т.д. русский
Язык оригинала итальянский
102 ## - СТРАНА ПУБЛИКАЦИИ ИЛИ ПРОИЗВОДСТВА
Страна публикации российская федерация
105 ## - ПОЛЕ КОДИРОВАННЫХ ДАННЫХ: ТЕКСТОВЫЕ МАТЕРИАЛЫ, МОНОГРАФИЧЕСКИЕ
Кодированные данные о монографическом текстовом документе y |||||||||
200 1# - ЗАГЛАВИЕ И СВЕДЕНИЯ ОБ ОТВЕТСТВЕННОСТИ
Основное заглавие Избранные сочинения
Сведения, относящиеся к заглавию [Пер. с итал.]
Первые сведения об ответственности Никколо Макиавелли
Последующие сведения об ответственности [Ред.-сост. Т. Г. Тетенькина]
210 ## - ПУБЛИКАЦИЯ, РАСПРОСТРАНЕНИЕ И ДР.
Место издания, распространения и т.д. Калининград
Имя издателя, распространителя и т. д. Янтар. сказ
Дата издания, распространения и т.д. 2000
215 ## - ФИЗИЧЕСКАЯ ХАРАКТЕРИСТИКА
Специфическое обозначение материала и объем 220,[1] с.
Размеры 21
327 1# - ПРИМЕЧАНИЯ О СОДЕРЖАНИИ
Текст примечания Содерж.: Государь; Жизнь Каструччо Кастракани из Лукки; Сказка. Черт, который женился; Мандрагора; Клиция
600 #1 - ИМЯ ЛИЦА КАК ПРЕДМЕТ
Начальный элемент ввода Макиавелли
Часть имени, кроме начального элемента ввода Н.
Даты 1469 - 1527
Расширение инициалов личного имени Никколо
Тематический подзаголовок Государственно-правовые взгляды
Системный номер авторитетной/нормативной записи 1513910
Идентификатор авторитетной/нормативной записи RU\NLR\auth\66657414
675 ## - УНИВЕРСАЛЬНАЯ ДЕСЯТИЧНАЯ КЛАССИФИКАЦИЯ (UDC/УДК)
Индекс 821.131.1-8Макиавелли
Издание 3
Язык издания rus
686 ## - ИНДЕКСЫ ДРУГИХ КЛАССИФИКАЦИЙ
Индекс 17.82
Код системы
686 ## - ИНДЕКСЫ ДРУГИХ КЛАССИФИКАЦИЙ
Индекс 84(4Ита)
Код системы
686 ## - ИНДЕКСЫ ДРУГИХ КЛАССИФИКАЦИЙ
Индекс Ш6(4Ит)437-4
686 ## - ИНДЕКСЫ ДРУГИХ КЛАССИФИКАЦИЙ
Индекс Х1(4Ит)403
700 #1 - ИМЯ ЛИЦА - ПЕРВИЧНАЯ ОТВЕТСТВЕННОСТЬ
Код отношения Автор
Материалы, к которым относится поле rus
Графика поля Кириллица
Начальный элемент ввода Макиавелли
Часть имени, кроме начального элемента ввода Н.
Даты 1469-1527
Расширение инициалов личного имени Никколо
Идентификатор авторитетной/нормативной записи RU\NLR\auth\777637
Системный номер авторитетной/нормативной записи 117570
702 #1 - ИМЯ ЛИЦА - ВТОРИЧНАЯ ОТВЕТСТВЕННОСТЬ
Код отношения Составитель
Материалы, к которым относится поле rus
Графика поля Кириллица
Начальный элемент ввода Тетенькина
Часть имени, кроме начального элемента ввода Т. Г.
Даты 1947-
Расширение инициалов личного имени Татьяна Григорьевна
Идентификатор авторитетной/нормативной записи RU\NLR\auth\775595
Системный номер авторитетной/нормативной записи 115558
801 #0 - ИСТОЧНИК ЗАПИСИ
Страна российская федерация
Организация RKP
Дата составления 20010601
Правила каталогизации PSBO
801 #1 - ИСТОЧНИК ЗАПИСИ
Страна российская федерация
Организация RKP
Дата составления 20010601
801 #2 - ИСТОЧНИК ЗАПИСИ
Страна российская федерация
Организация NLR
Дата составления 20130919
Правила каталогизации rcr
942 ## - ДОПОЛНИТЕЛЬНЫЕ ЭЛЕМЕНТЫ ЗАПИСИ (АБИС)
Тип экземпляра АБИС Книга
980 ## - КОЛЛЕКЦИЯ
Название коллекции Национальная библиография
Экземпляры
Тип экземпляра Дата поступления Источник поступления Библиотека постоянного хранения Библиотека текущего хранения Место хранения Шифр хранения Штрих-код Статус не для выдачи
Книга 15.06.2001 Обязательный экземпляр РНБ (Московский) РНБ (Московский) Русский книжный фонд: издания с 1957 года, 8этаж 2001-3/6903 131924  
Книга 15.06.2001 Обязательный экземпляр РНБ (Московский) РНБ (Московский) Русский книжный фонд: издания с 1957 года, 8этаж 2001-3/6903 131925